000 00516nam a2200193Ia 4500
003 GCL
008 140319s9999 xx 000 0 eng d
040 _aGCL /
_cGCL
082 0 4 _a778.73
_bE U
100 1 _aEDGE, MARTIN
245 1 0 _aTHE UNDER WATER PHOTOGRAPHER /
_cEDGE, MARTIN
260 _a[S.N] :
_bFOCAL PRESS ،
_c1996
300 _a165 P
650 0 4 _aPHOTOGRAPHY
650 0 4 _aPHOTOGRAPHY - UNDER WATER
650 0 4 _aPHOTOGRAPHY - TECHNIQUE
650 0 4 _aPHOTOGRAPHY - EQUIPMINTS
942 _2ddc
_cBK
999 _c13411
_d13411